000 00623nam a2200265Ia 4500
003 OSt
005 20220912152315.0
006 a|||||r|||| 00| 0
007 ta
008 220909b |||||||| |||| 00| 0 eng d
024 _a52340
037 _cTextual
040 _aCSL
_beng
_cCSL
041 _aeng
082 _aJ:(U28), L9
100 _aSeemann J
245 0 _aAgrometeorology
260 _c1979
300 _ap.
_ccm.
650 _aAgriculture
700 _a Chirkov Y I
700 _a Lomas J
942 _hJ:(U28), L9
_cTEXL
_2CC
999 _c84206
_d84206